La blusa roja sin botones / (Registro nro. 10894)

Detalles MARC
000 -LIDER
fixed length control field 00910nam a2200337 i 4500
001 - NÚMERO DE CONTROL
Identificador de número de control 00034
003 - IDENTIFICACDOR DE NÚMERO DE CONTROL
control field DO-SdBNP
005 - DATE AND TIME OF LATEST TRANSACTION
control field 20180117120737.0
007 - CAMPOS FIJOS DE DESCRIPCIÓN FÍSICA
fixed length control field 00034
008 - ELEMENTOS DE LONGITUD FIJA
fixed length control field 930105s1990 sp |||| ||spa d
016 7# - NO. DE CONTROL DE LA AGENCIA BIB. NACIONAL
Record control number
Canceled/invalid record control number
Source BPMSU
017 ## - NÚMERO DE REGISTRO DE DERECHOS DE AUTOR
Copyright or legal deposit number
Assigning agency
020 ## - ISBN
International Standard Book Number 8434827182
035 ## - NÚMERO LOCAL
System control number
040 ## - FUENTE DE CATALOGACIÓN
Agencia que crea de manera original el registro BPMSU
Idioma de catalogación spa
Agencia que realiza la transcripción BPMSU
041 1# - CÓDIGOS DE OBRAS TRADUCIDAS O EN VARIOS IDIOMAS
Código del idioma del texto/archivo de sonido o separata spa
Cód. del idioma original y/o traducciones intermedias del texto
080 #4 - NÚMERO DE CLASIFICACIÓN DECIMAL UNIVERSAL
Universal Decimal Classification number 087.5:82
082 ## - NÚMERO DE CLASIFICACIÓN DECIMAL DE DEWEY
Classification number 895.13
Item number N714b
100 1# - ASIENTO PRINCIPAL -- NOMBRE PERSONAL
Nombre personal Tie, Ning
Término de relación
245 13 - MENCIÓN DE TITULO
Título La blusa roja sin botones /
Medio (Designación general de material)
Mención de responsabilidad Tie Ning ; novela traducida del chino por Taciana Fisac
250 ## - MENCIÓN DE EDICION
Mención de edición 2ª ed.
260 ## - PUBLICACIÓN, DISTRIBUCIÓN, ETC. (PIE DE IMPRENTA)
Lugar de publicación, distribución, etc Madrid :
Nombre del editor, distribuidor, etc. SM,
Fecha de publicación, distribución, etc 1990
300 ## - DESCRIPCIÓN FÍSICA
Extensión 157 p. ;
Dimensiones 21 cm
490 ## - MENCIÓN DE SERIES
Mención de serie Gran angular
500 4# - NOTA GENERAL
Nota general Traducción de : Meiyou niukou de hong chenshan
700 1# - ASIENTO SECUNDARIO -- NOMBRE PERSONAL
Nombre personal Fisac, Taciana
Mención de responsabilidad tr.
830 ## - ASIENTO SECUNDARIO DE SERIE--TÍTULO UNIFORME
Título uniforme Gran angular
Volume number/sequential designation 85
942 ## - ADDED ENTRY ELEMENTS (KOHA)
Source of classification or shelving scheme Dewey Decimal Classification
Koha item type Libros
945 ## - INFORMACIÓN DE PROCESAMIENTO LOCAL
Información de procesamiento local inventariado, 2018 / dg
956 ## - LOCAL ELECTRONIC LOCATION AND ACCESS (OCLC)
Nombre de host VMATEO
Número de acceso 10
Información de compresión 20160715
Trayectoria BPMSU
Nombre Electrónico 0069
Existencias
Withdrawn status Lost status Source of classification or shelving scheme Damaged status Not for loan Home library Current library Date acquired Source of acquisition Total Checkouts Full call number Barcode Date last seen Price effective from Koha item type
    Dewey Decimal Classification     Biblioteca Pública Metropolitana Salomé Ureña Biblioteca Pública Metropolitana Salomé Ureña 07/15/2016 SELLAR   895.13 N714b BPMSU16070485 07/15/2016 07/15/2016 Libros